000 00846nam a2200229Ia 4500
003 GCL
008 140319s9999 xx 000 0 ara d
040 _aGCL /
_cGCL
082 0 4 _aق
_b330.9
_bن ن
100 1 _aنبيل عبدالحميد سيد احمد
245 1 0 _aالنشاط الاقتصادى للاجانب واثرة فى المجتمع المصرى من سنة 1922 الى سنة 1952 (هدية من الاديب عبدالفتاح الجمل) /
_cنبيل عبدالحميد سيد احمد
300 _a515 ص
490 _a
650 0 4 _aمصر
650 0 4 _aالسكان الاجانب
650 0 4 _aاليهود فى مصر
650 0 4 _aالاقليات
650 0 4 _aالتنمية الزراعية
650 0 4 _aالتنمية الصناعية
650 0 4 _aالجاليات الاجنبية
942 _2ddc
_cBK
999 _c38728
_d38728